000 00277nam a22001337a 4500
008 171130b xxu||||| |||| 00| 0 eng d
020 _a
041 _aeng
080 _a32
100 _a19
101 _aPOL
245 _aTHE TROUBLE WITH GOVERNMENT
_cBOK
942 _2udc
_cBK
999 _c38641
_d38641